| 000 | 00928nam a2200265 i 4500 | ||
|---|---|---|---|
| 001 | bg | ||
| 100 | 1 | _aMatuszewicz, Jan. | |
| 245 | 1 | 0 |
_aRachunkowość od podstaw z uwzględnieniem postanowień znowelizowanej ustawy o rachunkowości / _cJan Matuszewicz, Piotr Matuszewicz ; "Finans-Servis" Zespół Doradców Finansowo-Księgowych. |
| 246 | 1 | 8 | _aRachunkowość od podstaw |
| 250 | _aStan prawny na 1 stycznia 2001 r. | ||
| 260 |
_aWarszawa : _b"Finans-Servis", _c2003. |
||
| 300 |
_a439 s. : _bil. ; _c24 cm. |
||
| 500 | _aTyt. grzbiet.: Rachunkowość od podstaw. | ||
| 650 | 9 | _aRachunkowość | |
| 655 | _aPodręczniki | ||
| 700 | 1 | _aMATUSZEWICZ, Piotr | |
| 710 | 0 | _aZespół Doradców Finansowo-Księgowych "Finans-Servis" (Warszawa) | |
| 020 | _a8386226544 | ||
| 040 | _cBPK | ||
| 041 | 0 | _apol | |
| 080 | _a657(07) | ||
| 920 | _a83-86226-54-4 | ||
| 942 | _cKS | ||
| 008 | s pl f |000 0 pol | ||
| 999 |
_c52445 _d52445 |
||
| 856 |
_uhttp://koha.tu.koszalin.pl/cgi-bin/koha/opac-detail.pl?biblionumber=52445 _yKatalog online BPK |
||